LEADER 00405oas 2200169z- 450 001 9910389323403321 035 $a(MiAaPQ)54741 035 $a(CKB)1000000000226385 035 $a(EXLCZ)991000000000226385 100 $a20230509cuuuuuuuu -u- - 101 0 $aeng 200 00$aCardline 210 $cSourceMedia 906 $aNEWSPAPER 912 $a9910389323403321 996 $aCardline$92183914 997 $aUNINA